000 nam a22 7a 4500
999 _c51919
_d51919
003 OSt
005 20220521161403.0
008 220521b xxu||||| |||| 00| 0 eng d
040 _cIIMT UNIVERSITY MEERUT
100 _aPATWARDHAN , KISHOR
245 _aHUM,AN PHYSIOLOGY IN AYURVEDA
250 _a1 ST
260 _aNEW DELHI
_bARISTA
_c14-05-2022
300 _a74
942 _2ddc
_c01